Épistémologie de la biologie : La connaissance du vivant (notice n° 1925186)
[ vue normale ]
| 000 -LEADER | |
|---|---|
| fixed length control field | 01345cam a2200133 4500500 |
| 005 - DATE AND TIME OF LATEST TRANSACTION | |
| control field | 20260329023151.0 |
| 041 ## - LANGUAGE CODE | |
| Language code of text/sound track or separate title | fre |
| 042 ## - AUTHENTICATION CODE | |
| Authentication code | dc |
| 100 10 - MAIN ENTRY--PERSONAL NAME | |
| Personal name | Dupouey, Patrick |
| Relator term | author |
| 245 00 - TITLE STATEMENT | |
| Title | Épistémologie de la biologie : La connaissance du vivant |
| 260 ## - PUBLICATION, DISTRIBUTION, ETC. | |
| Name of publisher, distributor, etc. | Armand Colin,<br/> |
| Date of publication, distribution, etc. | 2005.<br/> |
| 520 ## - SUMMARY, ETC. | |
| Summary, etc. | Comment la biologie constitue-t-elle ses objets, ainsi que les méthodes qu'elle met en œuvre pour les connaître ? L'interrogation épistémologique en appelle une autre, plus spécialement philosophique : qu'en est-il de la nature même de ce qu'on appelle la vie ? Les disciplines biologiques ne sauraient par elles-mêmes offrir une réponse suffisante à cette question. Il appartient au philosophe d'interroger l'unité de ces champs disciplinaires et de conduire une réflexion critique sur leurs acquis. L'enjeu des débats et des combats de cette discipline est idéologique et sociale. La religion, la politique, la philosophie elle-même ont plus d'une fois tenté des manœuvres de récupération. Et dans cette histoire, la science ne fait pas toujours figure de victime innocente. La philosophie doit donc aussi réfléchir sur la portée des savoirs biologiques au-delà de la science elle-même. |
| 856 41 - ELECTRONIC LOCATION AND ACCESS | |
| Uniform Resource Identifier | <a href="https://shs.cairn.info/epistemologie-de-la-biologie--9782200344726?lang=fr&redirect-ssocas=7080">https://shs.cairn.info/epistemologie-de-la-biologie--9782200344726?lang=fr&redirect-ssocas=7080</a> |
Pas d'exemplaire disponible.




Réseaux sociaux